Farid Benhammou (dir.), « Alimentation en péril », Écologie & Politique, n° 38, 2009, p. 17-122 (notice n° 1628907)

détails MARC
000 -LEADER
fixed length control field 03197cam a2200205 4500500
005 - DATE AND TIME OF LATEST TRANSACTION
control field 20260111094614.0
041 ## - LANGUAGE CODE
Language code of text/sound track or separate title fre
042 ## - AUTHENTICATION CODE
Authentication code dc
100 10 - MAIN ENTRY--PERSONAL NAME
Personal name Follain, Antoine
Relator term author
245 00 - TITLE STATEMENT
Title Farid Benhammou (dir.), « Alimentation en péril », Écologie & Politique, n° 38, 2009, p. 17-122
260 ## - PUBLICATION, DISTRIBUTION, ETC.
Date of publication, distribution, etc. 2010.<br/>
500 ## - GENERAL NOTE
General note 80
520 ## - SUMMARY, ETC.
Summary, etc. RésuméL’assiette et la collecte des impôts du roi dans les villages français induit plusieurs types de documents. Les plus importants sont sans doute les « comptes de collecte » qui font le bilan de tout le reste. De tels documents sont rares. On n’a surtout jamais essayé de les comprendre. L’édition d’un compte choisi pour son exemplarité permet de procéder à son explication. Ce compte porte sur une paroisse d’Auvergne et sur l’année 1643. L’examen est réalisé en 1647. La pratique administrative des habitants des campagnes est remarquable. En revanche, l’impôt est une raison de se quereller et le compte arrêté en 1647 ne met pas fin au conflit. Le document montre aussi que l’impôt coûte plus cher aux populations que ce qu’il rapporte au roi.
520 ## - SUMMARY, ETC.
Summary, etc. The tax base and tax collection for the King in French villages generated several types of documents. The most important ones are probably the general collecting accounts (comptes de collecte), which summarized all the other sources. Such general accounts are rare, and above all there has never been any attempt so far to understand their structure. Editing such an account, picked for its representativity, enables us to explain its contents. The document we use here concerned a parish in Auvergne, and the year 1643. The examination was carried out in 1647. It shows remarkable administrative savvy on the part of the inhabitants of rural area, but also shows how taxes turned into a bone of contention; indeed, the settlement of 1647 did not put an end to the dispute. This source also proves that taxes cost more to the local population than it brought into the King’s coffers.
520 ## - SUMMARY, ETC.
Summary, etc. ResumenLa repartición y la cobranza de los impuestos reales en los pueblos franceses supone la redacción de varios tipos de documentos. Los más importantes son, sin duda, las « cuentas de cobranza » que presentan el balance de todos los demás. Dichos documentos son raros. Sobre todo, nadie ha tratado de entenderlos. La edición de uno de ellos, escogido entre los más representativos, permite proponer una explicación. Esta cuenta es la de una parroquia de Auvernia en el año 1643. El finiquito se hizo en 1647. El conocimiento de la práctica administrativa por parte de los campesinos es sorprendente. En cambio, el impuesto da oportunidades para disputarse y el finiquito de 1647 no acaba con los conflictos. El documento enseña también que el impuesto cuesta más caro al pueblo que lo que recibe el rey.
700 10 - ADDED ENTRY--PERSONAL NAME
Personal name Garcia, Jean-Bernard
Relator term author
700 10 - ADDED ENTRY--PERSONAL NAME
Personal name Touchais, Jean-David
Relator term author
786 0# - DATA SOURCE ENTRY
Note Histoire & Sociétés Rurales | 33 | 1 | 2010-10-05 | p. 213u-264u | 1254-728X
856 41 - ELECTRONIC LOCATION AND ACCESS
Uniform Resource Identifier <a href="https://shs.cairn.info/revue-histoire-et-societes-rurales-2010-1-page-213u?lang=fr&redirect-ssocas=7080">https://shs.cairn.info/revue-histoire-et-societes-rurales-2010-1-page-213u?lang=fr&redirect-ssocas=7080</a>

Pas d'exemplaire disponible.

PLUDOC

PLUDOC est la plateforme unique et centralisée de gestion des bibliothèques physiques et numériques de Guinée administré par le CEDUST. Elle est la plus grande base de données de ressources documentaires pour les Étudiants, Enseignants chercheurs et Chercheurs de Guinée.

Adresse

627 919 101/664 919 101

25 boulevard du commerce
Kaloum, Conakry, Guinée

Réseaux sociaux

Powered by Netsen Group @ 2025